000 00825cpcaa2200253 4500
001 mm 79005213
003 DLC
005 20260227111650.0
008 790509|||||||||||| eng
010 _amm 79005213
040 _aDLC
_cDLC
_edacs
_dDLC
072 7 _aL
_2lcmd
100 1 _aFicke, Arthur Davison,
_d1883-1945.
245 0 0 _aArthur Davison Ficke papers,
_f1931-1937.
300 _a10
_fitems.
506 0 _aOpen to research.
545 0 _aPoet.
546 _aCollection material in English.
580 _aForms part of: Miscellaneous Manuscripts collection.
656 7 _aPoets.
_2itoamc
999 _c41865
_d41865